000 00752nam a2200241Ia 4500
003 OSt
005 20220926022340.0
006 a|||||r|||| 00| 0
007 ta
008 220923b |||||||| |||| 00| 0 eng d
037 _cGeneral Book
040 _aRTL
_cRTL
_beng
041 _2eng
_aeng
082 _aD854.1.N9, N8
110 _aUnited Nations, Government Of .... Economic Commission for Europe
245 0 _aNineteen seventy nine convention on long range tra
260 _aNew York
_bUnited Nations U S A
_c1998
300 _a91p.
_ccm.
650 _aComputer Science
700 _aUnited Nations, Government Of .... Economic Commission for Europe
942 _hD854.1.N9, N8
_cGB
_2CC
999 _c639251
_d639251